Quest : (Record no. 137649)
[ view plain ]
| 000 -LEADER | |
|---|---|
| fixed length control field | 00673nam a22002057a 4500 |
| 005 - DATE AND TIME OF LATEST TRANSACTION | |
| control field | 20170216143029.0 |
| 010 ## - LCCN (DPL NO) | |
| LC control number | ENG-117273 |
| 020 ## - INTERNATIONAL STANDARD BOOK NUMBER | |
| International Standard Book Number | 9789383420742 |
| Terms of availability | 650.00 |
| 035 ## - SYSTEM CONTROL NUMBER | |
| System control number | EN-100805 |
| 037 ## - SOURCE OF ACQUISITION | |
| Source of stock number/acquisition | DBAD/PUB |
| 082 ## - DEWEY DECIMAL CLASSIFICATION NUMBER | |
| Classification number | 610.76 |
| 100 ## - MAIN ENTRY--PERSONAL NAME | |
| Personal name | Kundu,Debanjan |
| 245 ## - TITLE STATEMENT | |
| Title | Quest : |
| Statement of responsibility, etc | by Debanjan Kundu [and] Simantini Sircar |
| Remainder of title | a key to U G surgery,orthopedics and anesthesiology / |
| 260 ## - PUBLICATION, DISTRIBUTION, ETC. (IMPRINT) | |
| Place of publication, distribution, etc | Kolkata |
| Name of publisher, distributor, etc | Academic publishers |
| Date of publication, distribution, etc | 2017 |
| 270 ## - ADDRESS | |
| Address | 5A Bhawani dutta lane |
| City | Kolkata |
| Postal code | 700073 |
| 300 ## - PHYSICAL DESCRIPTION | |
| Extent | viii,540p. : |
| Dimensions | 25cm(pbk) |
| Other physical details | ill |
| 500 ## - GENERAL NOTE | |
| General note | Includes bibliographical references |
| 700 ## - ADDED ENTRY--PERSONAL NAME | |
| Personal name | Sircar,Simantini |
| 942 ## - ADDED ENTRY ELEMENTS (KOHA) | |
| Source of classification or shelving scheme | Dewey Decimal Classification |
| Item type | English Books |
| Call number suffix | KUN |
| Classification part | 610.76 |
| Withdrawn status | Lost status | Not for loan | Collection code | Home library | Current library | Date acquired | Source of acquisition | Cost, normal purchase price | Full call number | Barcode | Copy number | Cost, replacement price | Koha item type |
|---|---|---|---|---|---|---|---|---|---|---|---|---|---|
| Not For Loan | Non-fiction | D.B.Act.Division | Bawana | 16/02/2017 | DBAD/PUB | 650.00 | 610.76 KUN | EN-100805 | 1 | 650.00 | English Books |
